header

Kerouac (Record no. 229414)

MARC details
000 -LEADER
fixed length control field 01783nam a2200421 a 4500
082 04 - DEWEY DECIMAL CLASSIFICATION NUMBER
Classification number 813/.54
-- B
100 1# - MAIN ENTRY--AUTHOR NAME
Personal name Maher, Paul,
245 10 - TITLE STATEMENT
Title Kerouac
250 ## - EDITION STATEMENT
Edition statement 1st Taylor Trade Pub. pbk. ed.
260 ## - PUBLICATION, DISTRIBUTION, ETC. (IMPRINT)
Place of publication Lanham :
Name of publisher Taylor Trade Pub.,
Year of publication 2007, c2004.
300 ## - PHYSICAL DESCRIPTION
Number of Pages xviii, 557 p. :
Other physical details ill.
500 ## - GENERAL NOTE
General note First Taylor Trade Publishing edition 2004.
505 0# - FORMATTED CONTENTS NOTE
Formatted contents note pt. 1. The seeds of Galloway -- pt. 2. The dawn of jazz in America -- pt. 3. Essence of mind -- pt. 4. The consolidation of fame -- pt. 5. Ghostly friend in God.
650 #0 - SUBJECT ADDED ENTRY--TOPICAL TERM
Topical Term Authors, American
Topical Term Beat generation
700 1# - ADDED ENTRY--PERSONAL NAME
Personal name Amram, David.
856 40 - ELECTRONIC LOCATION AND ACCESS
Uniform Resource Identifier http://site.ebrary.com/lib/rucke/Doc?id=10490772

No items available.

© 2026 Rongo University
Contact us: librarian | system librarian | Rongo university